| 000 | 00704nam a2200157Ia 4500 | ||
|---|---|---|---|
| 008 | 220216s9999 xx 000 0 und d | ||
| 100 | _aLimiya J | ||
| 245 | 0 | _aAugmenting breeding for disese resistance in rubber tree-Wickham clones serve as a reliable germplasm resource to excavate diverse resistance genes | |
| 260 | _bNational Symposium on Biocontrol of Plant Diseases Under Current Scenario of Restricted Pesticide use, 27-28 January 2021, Indian Phytopathological Society Middle East Zone and Aligarh Muslim University, New Delhi, India. | ||
| 650 | _aBreeding | ||
| 650 | _aDisease resistance | ||
| 650 | _aWickham clones | ||
| 700 | _aRoy C.B | ||
| 856 | _uBibli details only | ||
| 942 | _cJS | ||
| 999 |
_c54598 _d54598 |
||